| 000 | 00831cam a22002175a 4500 | ||
|---|---|---|---|
| 008 | 230516s2021 xxk f 001 0 eng d | ||
| 020 | _a9781783214105 | ||
| 041 | 0 | _aeng | |
| 050 | 0 | 4 | _a692.5 |
| 110 | 2 |
_aBuilding Cost Information Service _91096 |
|
| 245 | 0 | 0 |
_aBuilding maintenance price book _b2021 |
| 250 | _a41st ed. | ||
| 260 |
_aLondon _bBCIS _cMarch 2021 |
||
| 300 |
_a309p. _bspiral bound _c21cm |
||
| 520 | _aProvides realistic expectations on costs for repair work as well as a sound source of maintenance cost information for estimating and pricing. It is used widely for assessing competitive tenders and as a schedule for letting work on measured term contracts. | ||
| 520 | _aSupersedes 40th edition | ||
| 521 | _aAdvanced | ||
| 651 | 4 | _aUnited Kingdom | |
| 690 |
_aCost management _96233 |
||
| 942 |
_n0 _2ddc |
||
| 999 |
_c121487 _d121487 |
||